000 00380nam a2200157Ia 4500
008 230524s9999 xx 000 0 und d
082 _a174.4
_bBAX
100 _aC V Baxi
245 0 _aCorporate Governance : Critical Issues
250 _aIST
260 _aNEW DELHI
_bExcel
_c2007
300 _aVII;239
500 _aQuantity Number: 2
650 _aManagement
942 _cBK
999 _c45083
_d45083